Aasian saarivaltiot - Statistics

Yleistilastot
  • Tätä visaa on pelattu 1 582 kertaa
  • Keskiarvotulos 9 / 11
Vastaustilastot
Saarivaltio % Oikein
Indonesia
97%
Japani
95%
Sri Lanka
93%
Filippiinit
91%
Taiwan
89%
Malediivit
81%
Itä-Timor
78%
Singapore
77%
Brunei
69%
Kypros
58%
Bahrain
57%
Ehtoja vastaavia visoja ei löytynyt
Tulosjakauma
Jokaisen tuloksen saaneiden osuus
Persentiili vastausten määrän mukaan
Tuloshistoriasi
Et ole pelannut tätä visaa